000 00619nam a2200205Ia 4500
001 15361
003 GE_BSU
008 181216s||||||||xx |||||||||||||| ||und||
040 _cGE_BSU
080 _a821.353.1-1
100 _aყოჩიაშვილი,გოჩა
245 _aგაელვება
245 _cრედ.ზ.ფირცხალაიშვილი.მხატვ.რობერტ ლომაძე
260 _aბათუმი
260 _bთამარიანი
260 _c1993
300 _a82გვ.15სმ.
653 _aგაელვება
942 _cBK
999 _c48467
_d48467